| 000 | 01107nam a2200301 i 4500 | ||
|---|---|---|---|
| 001 | 18886 | ||
| 003 | ES-MaACL | ||
| 005 | 20230906151939.0 | ||
| 007 | t| | ||
| 008 | 020409s1999 ag ||||1| spa d | ||
| 020 | _a978-987-97756-0-8 | ||
| 080 | _a32(82)"1817/1860" | ||
| 080 | _a32(82)"1860/1910" | ||
| 080 | _a982"18" | ||
| 080 | _a342.511(82) | ||
| 080 | _a342.511(73) | ||
| 100 | 1 |
_aGarcía-Godoy, Cristián. _954687 |
|
| 245 | 1 | 4 |
_aLos XII presidentes : _bensayo histórico sobre seis décadas de la Argentina (1850/1910) y semblanzas sobre los 14 presidentes de Estados Unidos de igual período / _cCristián García-Godoy. |
| 260 |
_aBuenos Aires : _bFull Life, _c1999. |
||
| 300 |
_aXXIII, 213 p. : _bil. ; _c23 cm. |
||
| 650 | 4 |
_aPresidentes de gobierno- _zEstados Unidos. _916383 |
|
| 650 | 4 |
_aPresidentes de gobierno- _zArgentina. _916382 |
|
| 651 | 4 |
_aArgentina- _xHistoria- _yS.XIX. _97811 |
|
| 651 | 4 |
_aArgentina- _xPolítica y gobierno- _y1817-1860. _97814 |
|
| 651 | 4 |
_aArgentina- _xPolítica y gobierno- _y1860-1910. _9197866 |
|
| 852 | 4 |
_aES-MaACL _jL-25373 |
|
| 999 |
_c18886 _d18886 |
||